Immigration Saudi-Arabien - Statistiken

Allgemein
  • Dieses Quiz wurde 46 mal gespielt
  • Das Durchschnittsergebnis liegt bei 11 aus 15
Antwortstatistiken
Platz Land Anzahl % Korrekt
3. Indien 2.592.166
94%
1. Pakistan 2.700.000
92%
1. Ägypten 2.700.000
89%
5. Jemen >2.000.000
89%
6. Syrien 1.500.000
86%
4. Bangladesch 2.500.000
83%
13. Jordanien 260.000
81%
12. Libanon 300.000
81%
15. Türkei 200.000
75%
8. Indonesien 850.000
67%
14. Sudan 250.000
67%
7. Philippinen 938.490
58%
10. Sri Lanka 350.000
53%
9. Myanmar 500.000
50%
11. Nepal 315.000
47%
Keine übereinstimmenden Quizze gefunden
Verteilung der Resultate
Anzahl Personen mit jedem Resultat
Perzentil nach korrekt beantworteten Fragen
Ihre Resultats-Entwicklung
Sie haben dieses Quiz noch nicht gespielt